Movies Quiz

Random Movies or Director Quiz
Score 0/16 Timer 05:00
0 Plays Today
Year Movie % Correct
1995Before Sunrise
92.1%
1993Dazed and Confused
91.6%
2004Before Sunset
90.7%
2014Boyhood
90.7%
2013Before Midnight
87.4%
1991Slacker
81.9%
2003School of Rock
81.4%
2001Waking Life
73.5%
Year Movie % Correct
2006A Scanner Darkly
69.3%
2011Bernie
62.3%
2005Bad News Bears
60%
2006Fast Food Nation
52.1%
2001Tape
49.8%
1998The Newton Boys
49.3%
2008Me and Orson Welles
48.8%
1996SubUrbia
47.4%
Remove Ads.
Support Sporcle.
Get the best of Sporcle when you Go Orange. This ad-free experience offers more features, more stats, and more fun while also helping to support Sporcle. Thank you for becoming a member.

You're not logged in!

Compare scores with friends on all Sporcle quizzes.
OR
Log In

Show Comments

Extras

Top Quizzes Today


Score Distribution

Your Account Isn't Verified!

In order to create a playlist on Sporcle, you need to verify the email address you used during registration. Go to your Sporcle Settings to finish the process.

Report this User

Report this user for behavior that violates our Community Guidelines.

Details: